000 00410nam a2200181Ia 4500
001 9820
005 20260306161746.0
008 260306t2007||||xx |||||||||||||| ||spa||
041 _aESP
082 _a465
_bG81 2008
100 _aGrijelmo, Alex
_eAUT
245 0 _aLa gramática descomplicada
260 _c2007
300 _apágs. :
_ccm.
650 _aGEN
654 _aCHU
942 _cLIB
_dJUS
_fJUS
_2ddc
_n
999 _c9820
_d9820